Catholic University of Zimbabwe Library
Online Public Access Catalogue
(OPAC)

Identification and assessment (Record no. 31963)

MARC details
000 -LEADER
fixed length control field 04059cam a2200481Ma 4500
001 - CONTROL NUMBER
control field ocn608124036
003 - CONTROL NUMBER IDENTIFIER
control field OCoLC
005 - DATE AND TIME OF LATEST TRANSACTION
control field 20210303085409.0
006 - FIXED-LENGTH DATA ELEMENTS--ADDITIONAL MATERIAL CHARACTERISTICS
fixed length control field m d
007 - PHYSICAL DESCRIPTION FIXED FIELD--GENERAL INFORMATION
fixed length control field cr un|||||||||
008 - FIXED-LENGTH DATA ELEMENTS--GENERAL INFORMATION
fixed length control field 050812s2003 ne a ob 001 0 eng d
020 ## - INTERNATIONAL STANDARD BOOK NUMBER
International Standard Book Number 9781849502160 (electronic bk.) :
Terms of availability £70.95 ; € 102.95 ; $131.95
020 ## - INTERNATIONAL STANDARD BOOK NUMBER
International Standard Book Number 1849502161 (electronic bk.) :
Terms of availability £70.95 ; € 102.95 ; $131.95
020 ## - INTERNATIONAL STANDARD BOOK NUMBER
Canceled/invalid ISBN 0762310294 (hbk.)
020 ## - INTERNATIONAL STANDARD BOOK NUMBER
Canceled/invalid ISBN 9780762310296 (hbk.)
040 ## - CATALOGING SOURCE
Original cataloging agency IL4I4
Language of cataloging eng
Transcribing agency IL4I4
Modifying agency ZJC
050 #4 - LIBRARY OF CONGRESS CALL NUMBER
Classification number RJ496.L4
Item number .I34 2003
072 #7 - SUBJECT CATEGORY CODE
Subject category code JNSG
Source bicssc
072 #7 - SUBJECT CATEGORY CODE
Subject category code JNSL
Source bicssc
072 #7 - SUBJECT CATEGORY CODE
Subject category code EDU026020
Source bisacsh
080 ## - UNIVERSAL DECIMAL CLASSIFICATION NUMBER
Universal Decimal Classification number 376
082 04 - DEWEY DECIMAL CLASSIFICATION NUMBER
Classification number 371.9043
Edition number 22
245 00 - TITLE STATEMENT
Title Identification and assessment
Medium [electronic resource] /
Statement of responsibility, etc. edited by Thomas E. Scruggs, Margo A. Mastropieri.
260 ## - PUBLICATION, DISTRIBUTION, ETC.
Place of publication, distribution, etc. Amsterdam :
Name of publisher, distributor, etc. JAI Press,
Date of publication, distribution, etc. 2003.
300 ## - PHYSICAL DESCRIPTION
Extent 1 online resource (viii, 245 p.) :
Other physical details ill.
490 1# - SERIES STATEMENT
Series statement Advances in learning and behavioral disabilities ;
Volume/sequential designation v. 16
504 ## - BIBLIOGRAPHY, ETC. NOTE
Bibliography, etc. note Includes bibliographical references and index.
505 0# - FORMATTED CONTENTS NOTE
Formatted contents note Issues in the identification of learning disabilities / Thomas E Scruggs, Margo A Mastropieri -- Starting at the beginning for learning disabilities identification: response to instruction in general education / Deborah L Speece, Dawn Eddy Molloy, Lisa Pericola Case - Identification of non-responders: are the children "left behind" by early literacy intervention the "truly" reading disabled? / Stephanie Al Otaiba -- The role of reading intervention research in the identification of children with reading difficulties: a meta-analysis of the literature funded by the NICHD / Denise M Necoechea, H.Lee Swanson -- Current advances in assessment and intervention for children with learning disabilities / Jack A Naglieri -- Individuals with mental retardation and a sensorimotor disorder: assessment of disability / Giulia Balboni, Patrizia Ceccarani -- Does IQ and reading level influence treatment outcomes? Implications for the definition of learning disabilities / H.Lee Swanson -- Text anxiety, perceived competence, and academic achievement in secondary school students / Daniela Lucangeli, Thomas E Scruggs -- The assessment of self-regulation in college students with and without academic difficulties / Cesare Cornoldi, Rossana DeBeni, Maria Chiara Fioritto.
520 ## - SUMMARY, ETC.
Summary, etc. Identification and assessment of learning and behavioural disabilities have long been issues of great concern, and have become increasingly important in recent years. Identification and assessment issues determine how students are characterized as having disabilities, provide implications for treatment, and provide evidence for the success or failure of interventions. In this volume, several topics of relevance to the issue of identification and assessment of learning and behavioural disabilities are discussed by leading scholars, in reviews of recent relevant research, policy analyses, and new investigations with original data. This book is intended for interested professionals and practitioners; researchers in learning and behavioural disabilities; and graduate students in psychology, education, and special education.
588 ## - SOURCE OF DESCRIPTION NOTE
Source of description note Description based on print version record.
650 #0 - SUBJECT ADDED ENTRY--TOPICAL TERM
Topical term or geographic name entry element Learning disabilities
General subdivision Diagnosis.
650 #0 - SUBJECT ADDED ENTRY--TOPICAL TERM
Topical term or geographic name entry element Learning disabled children
General subdivision Education.
650 #0 - SUBJECT ADDED ENTRY--TOPICAL TERM
Topical term or geographic name entry element Behavioral assessment of children.
650 #7 - SUBJECT ADDED ENTRY--TOPICAL TERM
Topical term or geographic name entry element Teaching of students with specific learning difficulties / needs.
Source of heading or term bicssc
650 #7 - SUBJECT ADDED ENTRY--TOPICAL TERM
Topical term or geographic name entry element Teaching of students with emotional & behavioural difficulties.
Source of heading or term bicssc
650 #7 - SUBJECT ADDED ENTRY--TOPICAL TERM
Topical term or geographic name entry element Education
General subdivision Special Education
-- Learning Disabilities.
Source of heading or term bisacsh
700 1# - ADDED ENTRY--PERSONAL NAME
Personal name Scruggs, Thomas E.,
Dates associated with a name 1948-
700 1# - ADDED ENTRY--PERSONAL NAME
Personal name Mastropieri, Margo A.,
Dates associated with a name 1951-
776 08 - ADDITIONAL PHYSICAL FORM ENTRY
Relationship information Print version:
Title Identification and assessment.
Place, publisher, and date of publication Amsterdam ; London : JAI, 2003
International Standard Book Number 0762310294
Record control number (OCoLC)51993780
830 #0 - SERIES ADDED ENTRY--UNIFORM TITLE
Uniform title Advances in learning and behavioral disabilities ;
Volume/sequential designation v. 16.
856 40 - ELECTRONIC LOCATION AND ACCESS
Uniform Resource Identifier <a href="https://www.emerald.com/insight/publication/doi/10.1016/S0735-004X(2003)16">https://www.emerald.com/insight/publication/doi/10.1016/S0735-004X(2003)16</a>
913 ## -
-- SSbacklist
Holdings
Withdrawn status Lost status Source of classification or shelving scheme Damaged status Not for loan Home library Current library Shelving location Date acquired Total Checkouts Full call number Date last seen Uniform Resource Identifier Price effective from Koha item type
          Digital Library Digital Library Online Access 03.03.2021   RJ496.L4 .I34 2003 03.03.2021 https://www.emerald.com/insight/publication/doi/10.1016/S0735-004X(2003)16 03.03.2021 eBook

OPENING HOURS

Weekdays: 0815hrs - 1800hrs
Weekends:0900hrs - 1200hrs

Closed for Mass:

Mon, Thur: 1200hrs - 1300hrs
Sunday & Public Holiday’s

CALL SUPPORT

0242-570570, 0242-570169
09200664, +263 8644140602

LOCATION

18443, Cranborne Avenue, Hatfield, Harare

Other Links


©2021 | CUZ Library